000 00523nam a22002057a 4500
001 1866
003 BD-RjUL
005 20211208233429.0
008 131209s2008 ii ||||| |||| 00| 0 eng d
020 _a 8131300625
035 _a(BD-RjUL)
040 _aBD-RjUL
_beng
_cBD-RjUL
_dBD-RjUL
041 _aeng
082 _222
_a302.2
_bSIM
100 _aSingh, J K
_96170
245 _aMedia and journalism /
_c J K Singh
260 _aNew Delhi :
_bA.P.H. Pub.,
_cc2008
300 _aix, 258 p. ;
_c23 cm.
942 _2ddc
_cBK
_01
999 _c1866
_d1866